Catalog

Record Details

Catalog Search



Světová kuchyně : tradiční české a zahraniční recepty  Cover Image Book Book

Světová kuchyně : tradiční české a zahraniční recepty / Jiří Marhold a Magdalena Wagnerová

Record details

  • ISBN: 80-86523-21-7
  • Physical Description: 257 s., [28] s. barev. obr. příl. : il. ; 29 cm
  • Edition: Vyd. 1.
  • Publisher: Praha : Plot, 2003

Content descriptions

Bibliography, etc. Note:
Obsahuje rejstřík
Subject: národní jídla
national cookery
Genre: kuchařské recepty
cookbooks

Available copies

  • 1 of 1 copy available at Common Catalog SPOK.

Holds

  • 0 current holds with 1 total copy.
Show Only Available Copies
Location Call Number / Copy Notes Barcode Shelving Location Status Due Date
The Jewish community of Prague J 1315 4638301387 J - Judaika Available -

Electronic resources

Version of Resource: Digitalizovaný dokument


LDR 01312nam a2200349 a 4500
00154617
003CZ-PrJAB
00520040109110947.0
007tu
008031029s2003 xr af e 001 0 cze
015 . ‡acnb001282521
020 . ‡a80-86523-21-7 ‡q(váz.) ‡z80-86523-7
035 . ‡a(CZ PrNK)cpk20031282521
035 . ‡a(OCoLC)56856273
040 . ‡aABA001 ‡bcze
072 7. ‡a641 ‡xKuchařství. Potraviny. Vařená jídla ‡2Konspekt ‡919
080 . ‡a641.568 ‡2MRF
080 . ‡a(083.12) ‡2MRF
1001 . ‡aMarhold, Jiří, ‡d1932- ‡7mzk2002147918 ‡4aut
24510. ‡aSvětová kuchyně : ‡btradiční české a zahraniční recepty / ‡cJiří Marhold a Magdalena Wagnerová
250 . ‡aVyd. 1.
260 . ‡aPraha : ‡bPlot, ‡c2003
300 . ‡a257 s., [28] s. barev. obr. příl. : ‡bil. ; ‡c29 cm
504 . ‡aObsahuje rejstřík
65007. ‡anárodní jídla ‡7ph115504 ‡2czenas
65009. ‡anational cookery ‡2eczenas
655 7. ‡akuchařské recepty ‡7fd132687 ‡2czenas
655 9. ‡acookbooks ‡2eczenas
7001 . ‡aWagnerová, Magdalena, ‡d1960- ‡7jo20010086344 ‡4aut
85641. ‡uhttp://krameriusndk.nkp.cz/search/handle/uuid:dd9ada40-be15-11e2-b6da-005056827e52 ‡yDigitalizovaný dokument
910 . ‡aABE461
995 . ‡aska
901 . ‡a54617 ‡bAUTOGEN ‡c54617 ‡tbiblio

Additional Resources